Statistiken für Wo wachsen diese Nahrungsmittel? #2

Klicken Sie hier um das Quiz zu spielen!

Allgemein

  • Dieses Quiz wurde 90 mal gespielt
  • Das Durchschnittsergebnis liegt bei 19 aus 26

Antwortstatistiken

FrageAntwort% Korrekt
Pfirsich
98%
Birne
96%
Süßkartoffel
94%
Orange
93%
Aprikose
93%
Mango
90%
Feige
89%
Rotkohl
86%
Schnittlauch
86%
Pflaume
86%
Grünkohl
84%
Blumenkohl
83%
Steckrübe
83%
Spinat
81%
Zuckererbse
80%
Radieschen
73%
Schalotte
69%
Hopfen
60%
Schwarzer Pfeffer
58%
Pastinake
57%
Honigmelone
53%
Cantaloupe-Melone
51%
Speisekürbis
51%
Kurkuma
48%
Lorbeer
35%
Passionsfrucht
20%

Verteilung der Resultate

Perzentil nach korrekt beantworteten Fragen

Anzahl Personen mit jedem Resultat

Ihre Resultats-Entwicklung

Sie haben dieses Quiz noch nicht gespielt